000
00278nam a2200121Ia 4500
008
190216s9999||||xx |||||||||||||| ||und||
100
_a
Francis Cherunilam
245
0
_a
Strategic Management
260
_b
Mcgraw -hill
_c
2000
300
_a
226p
650
_a
Commerce
942
_c
BK
999
_c
5957
_d
5957